Habiter un espace à forte(s) contrainte(s) naturelle(s) - 6ème - Statistiques

Statistiques générales
  • Ce quiz a été pris 210 fois
    204 depuis la dernière actualisation
  • Le résultat moyen est 6 sur 10
Statistiques - réponses
Question Réponse % Correct
Où se situe le Sahara ? En Afrique.
88%
Vrai ou faux : il existe encore des peuples autochtones vivant en retrait du reste du monde dans la forêt amazonienne ? Vrai.
84%
Dans quelle région du monde trouve t-on l'Everest, plus haut sommet du monde ? Au Népal.
79%
À quel type d'environnement se rapporte la Sibérie ? Désert froid.
70%
Qu'est-ce que la biodiversité ? Ensemble des espèces végétales, animales ou humaines.
65%
Par quel élément naturel est recouvert le Groenland en hiver ? Par la banquise.
61%
Comment s'appelle la grande chaîne de montagne sud-américaine ? La cordillière des Andes.
53%
Comment appelle-t-on un forme d'agriculture qui est mécanisée et qui produit beaucoup pour pouvoir vendre le surplus de production ? Agriculture productiviste.
48%
Comment appelle-t-on un forme d'agriculture qui est faite avec des outils rudimentaires et qui sert à se nourrir soi-même et sa famille. Agriculture vivrière.
32%
Lequel de ces massifs montagneux est en Europe ? Caucase.
31%
Aucun quiz correspondant
Distribution des résultats
% des personnes avec chaque résultat
Percentile par nombre de réponses
Votre historique - résultats
Vous n’avez pas pris ce quiz depuis la dernière actualisation